Αρνητική πολιτισμική πράξη : δοκίμιο σύγχρονης κοινωνικής και πολιτισμικής θεωρίας

Αποθηκεύτηκε σε:
Λεπτομέρειες βιβλιογραφικής εγγραφής
Κύριος συγγραφέας: Φιοραβάντες, Βασίλης 1952-
Μορφή: Βιβλίο
Γλώσσα:Greek
Δημοσίευση: Αθήνα : Παπαζήσης, 1995
Θέματα:
Ετικέτες: Προσθήκη ετικέτας
Δεν υπάρχουν, Καταχωρήστε ετικέτα πρώτοι!

MARC

LEADER 00000nam a2200000 i 4500
001 1/10542
008 970604s1995 gre d
020 |a 960-02-1124-8 
035 |l 10017892 
040 |a GR-MY-UA  |b gre  |e aacr 
041 0 |a gre 
082 0 |a 701 
100 1 |a Φιοραβάντες, Βασίλης  |d 1952- 
245 1 0 |a Αρνητική πολιτισμική πράξη :  |b δοκίμιο σύγχρονης κοινωνικής και πολιτισμικής θεωρίας /  |c Βασίλης Φιοραβάντες 
260 |a Αθήνα :   |b Παπαζήσης,   |c 1995 
300 |a 256 σ. 
650 0 0 |a Art  |x Philosophy. 
650 0 0 |a Aesthetics. 
650 0 0 |a Art, Modern  |x Philosophy. 
852 |a INST  |b CHIOS  |e 19970708  |h 701 ΦΙΟ  |p 005200010548  |q 005200010548  |t BK  |y 0 
852 |a INST  |b LESVOS  |e 19970604  |h 701 ΦΙΟ  |p 005100011052  |q 005100011052  |t BK  |y 0 
852 |a INST  |b RHODES  |e 19990121  |h 701 ΦΙΟ  |p 005400005703  |q 005400005703  |t BK  |y 0 
909 |a Λ  |b 050158 
909 |a Χ  |b 048217 
909 |a Ρ  |b 052746 
922 |a 4ΕΛΗ  |b 199712  |c ΦΙΟΡΑΒΑΝΤΕΣ  |d EMVASIS